Sports Quiz

Random Sports or MLB Quiz

MLB Teams by Length Quiz Stats

 Plays Quiz Updated Jul 3, 2017

Support Sporcle.
Go Orange.
Score 0/7 Timer 01:00
2 Plays Today
Letters in Name Team Name % Correct
4New York Mets, Chicago Cubs, Cincinnati Reds, Tampa Bay Rays
98.3%
7Miami Marlins, Milwaukee Brewers, Pittsburgh Pirates, Colorado Rockies, Baltimore Orioles, New York Yankees, Cleveland Indians, Texas Rangers, Los Angeles Dodgers
96.3%
6Atlanta Braves, San Diego Padres, San Francisco Giants, Boston Red Sox, Detroit Tigers, Kansas City Royals, Houston Astros, Los Angeles Angels
95.7%
8Philadelphia Phillies, Toronto Blue Jays, Chicago White Sox, Seattle Mariners
84.2%
9Washington Nationals, St. Louis Cardinals, Oakland Athletics
69.9%
12Arizona Diamondbacks
64.3%
5Minnesota Twins
39.7%

You're not logged in!

Compare scores with friends on all Sporcle quizzes.
OR
Log In
Forgot?

From the Vault

'O' Cartoon Characters by Picture

by THEJMAN

"Wow. I've never been referred to as an cartoon before. I've been tried as one."
Remove Ads.
Support Sporcle.
Get the best of Sporcle when you Go Orange. This ad-free experience offers more features, more stats, and more fun while also helping to support Sporcle. Thank you for becoming a member.

Show Comments

Extras

Top Quizzes Today


Score Distribution

Your Account Isn't Verified!

In order to create a playlist on Sporcle, you need to verify the email address you used during registration. Go to your Sporcle Settings to finish the process.

Report this User

Report this user for behavior that violates our Community Guidelines.

Details: